[Event "POL-chT 66th"]
[Site "Katowice"]
[Date "2010.09.11"]
[Round "8"]
[White "Sieciechowicz, Marcin"]
[Black "Szelag, Marcin"]
[Result "0-1"]
[WhiteElo "2443"]
[BlackElo "2464"]
[Annotator "RR"]
[PlyCount "143"]
[EventDate "2010.09.04"]
[EventType "team-tourn"]
[EventRounds "9"]
[EventCountry "POL"]
[SourceTitle "EXT 2016"]
[Source "ChessBase"]
[SourceDate "2015.10.08"]
[SourceVersion "1"]
[SourceVersionDate "2015.10.08"]
[SourceQuality "1"]
[WhiteTeam "Prokonex"]
[BlackTeam "Poznan Pocztowiec"]
[WhiteTeamCountry "POL"]
[BlackTeamCountry "POL"]

1. d4 Nf6 2. c4 g6 3. Nc3 d5 4. cxd5 Nxd5 5. Bd2 Bg7 6. e4 Nb6 (6... Nxc3 7.
Bxc3 O-O (7... c5)) 7. Be3 O-O 8. Be2 Nc6 9. Nf3 Bg4 10. d5 Bxf3 11. gxf3 Na5 {
[%csl Gc4]} 12. Bd4 Qd6 (12... c5) 13. Bxg7 Kxg7 14. Rc1 (14. Qd2 Qf6 15. h4
Nac4 16. Qc1 e5 17. Nd1 Nd6 18. h5 g5 19. Ne3 Qe7 20. Qd2 f5 21. Qc2 Qf7 22.
Bd3 h6 23. O-O-O Rac8 24. Kb1 c6 25. Qc5 Qe7 26. dxc6 Rxc6 27. Qa5 fxe4 28.
Bxe4 Nbc4 29. Qd5 Rfc8 30. Nxc4 Nxc4 31. Qd7 Na3+ 32. bxa3 Rb6+ 33. Ka1 Rc1+
34. Rxc1 Qxd7 35. Rhd1 Rd6 36. Rxd6 Qxd6 37. Kb2 Qb6+ 38. Ka1 Qxf2 39. Rc7+ Kf8
40. Rc8+ Ke7 41. Rg8 Qd4+ 42. Kb1 Kf7 43. Rg6 Qg1+ {Nikolov,M (2550)-Navara,D 
(2708) Rijeka 2010 0-1}) (14. h4 c6 15. h5 $36 {Shishkin,V (2516)-Duquesnoy,J 
(2186) Calvi Balagne op 07th 2010 (8) 1/2}) 14... Qf6 15. Na4 Nxa4 16. Qxa4
Qxb2 17. Rxc7 b6 $13 {[%csl Re1]} 18. Ba6 $1 {[%csl Ga6,Gc8]} b5 $1 (18... Qb1+
19. Qd1 Qxa2 20. O-O) 19. Qc2 (19. Qxb5 Qa1+ 20. Ke2 Qxh1 21. Qxa5 Qa1 (21...
Qxh2 $2 22. Rxe7) 22. Rxe7 Rab8 $36 {[%csl Re2][%cal Gb8b2]}) 19... Qxc2 20.
Rxc2 Rab8 21. O-O $146 (21. Rc7 e6 22. O-O exd5 23. Rc5 dxe4 24. fxe4 Rb6 25.
Bxb5 Nb7 26. Rd5 Rc8 27. f3 Rc3 28. Rf2 Nc5 29. Bf1 a5 30. Rd4 Rb1 31. Kg2 a4
32. Rc4 Rbc1 33. Rxc3 Rxc3 34. Rd2 Kf6 35. Rd5 a3 36. h4 Ke6 37. Rd4 Ke5 38.
Rc4 Rxc4 39. Bxc4 Kf4 40. Bxf7 Nd3 41. Bg8 h6 42. e5 Nxe5 43. Bd5 Nd3 44. Be4
Nb4 45. Bb1 Ke3 46. Kg3 g5 47. hxg5 hxg5 48. Kg4 Ke2 49. Kxg5 Kxf3 50. Kf5 Ke3
{Peuraniemi,P (2440)-Szczepankiewicz,D (2490) ICCF email 2005 1/2-1/2}) 21...
Rb6 $1 22. Bc8 Nc4 23. Bh3 g5 $15 {[%csl Gf4]} 24. Rfc1 Ne5 25. Rc7 Nxf3+ 26.
Kg2 Ne5 27. Bf5 Kf6 28. Rxa7 h5 29. Bd7 e6 30. Rcc7 Rd8 (30... Nd3 $5 {[%cal
Gd3f4,Gf4g2]}) 31. Bc6 b4 {[%csl Ra2]} 32. Rcb7 Rb8 33. Rxb8 Rxb8 34. Ba4 Rc8
35. d6 Rc3 $1 {[%cal Gc3d3] Un coup multifonction pour placer la R derrière
le P passé tout en empêchant le K Blanc de monter} 36. d7 Rd3 $8 37. Bb5 Rd4
38. Rb7 Ke7 39. h4 g4 (39... f6 40. hxg5 fxg5 {[%csl Gh5]}) 40. Rb8 (40. Kg3
Rxe4) 40... Nxd7 41. Rb7 f6 42. Bxd7 Rxd7 43. Rxb4 Rd2 $1 {[%csl Ra2,Gd2] La
finale de R est un peu meilleure pour les Noirs} 44. Ra4 Kd6 45. Ra5 e5 46.
Ra6+ Ke7 47. Ra3 Rd4 48. f3 Kf7 49. Kg3 Kg6 50. fxg4 hxg4 51. Kxg4 Rxe4+ 52.
Kg3 f5 $17 {[%csl Ra2,Ge5,Gf5,Rh4][%cal Gg6h5]} 53. Ra8 $8 Re3+ $1 {[%cal
Gg6h5,Gh5g4]} 54. Kg2 $2 (54. Kf2 $8 {Gagne un tempo important} f4 55. a4 Kh5
56. a5 Kxh4 57. a6 Ra3 58. a7 {[%cal Ga8h8]}) 54... Kh5 $19 55. Kf2 f4 56. a4
Kxh4 57. a5 Kg4 58. a6 Ra3 59. a7 Ra2+ 60. Ke1 Kf3 61. Re8 Rxa7 62. Rxe5 Ra1+
63. Kd2 Kf2 64. Re8 f3 65. Rh8 Ra7 66. Rg8 Rd7+ 67. Kc2 Kf1 68. Kc3 f2 69. Rg6
Rd5 70. Kc4 Rf5 71. Kc3 Ke2 72. Kd4 0-1

[Event "Bundesliga 1112"]
[Site "Germany"]
[Date "2011.11.20"]
[Round "5.6"]
[White "Galyas, Miklos"]
[Black "Naumann, Alexander"]
[Result "0-1"]
[WhiteElo "2458"]
[BlackElo "2546"]
[Annotator "RR"]
[PlyCount "110"]
[EventDate "2011.10.14"]
[EventType "team-tourn"]
[EventRounds "15"]
[EventCountry "GER"]
[SourceTitle "CBM 146"]
[Source "ChessBase"]
[SourceDate "2012.01.18"]
[SourceVersion "1"]
[SourceVersionDate "2012.01.18"]
[SourceQuality "1"]
[WhiteTeam "Trier"]
[BlackTeam "Solingen"]
[WhiteTeamCountry "GER"]
[BlackTeamCountry "GER"]

1. d4 Nf6 2. c4 g6 3. Nc3 d5 4. Nf3 Bg7 5. Qa4+ Bd7 6. Qb3 dxc4 7. Qxc4 O-O 8.
Bf4 Na6 9. e4 c5 10. e5 Be6 11. exf6 Bxc4 12. fxg7 Kxg7 13. Bxc4 cxd4 14. Rd1
Qa5 15. Be5+ f6 16. Bxd4 e5 17. Be3 Rfd8 18. O-O Nb4 19. a3 Nc2 20. Bd2 Nd4 21.
Nxd4 Rxd4 22. Be2 Rad8 23. Be3 Rxd1 24. Bxd1 b5 25. Na2 Rd2 26. b4 Qd8 27. Bb3
Rd3 28. Nc1 Rxe3 29. fxe3 Qd2 30. Rd1 Qxe3+ 31. Kf1 e4 32. Bd5 f5 33. Ne2 Qxa3
34. Bc6 Qxb4 35. Rd7+ Kf6 36. Rxa7 e3 37. Ra1 Qd6 $2 (37... Qd2 38. Bxb5 Qb2)
38. Bxb5 $19 Qxh2 39. Ra3 Qb8 40. Rb3 h5 41. Bc4 Qe5 $6 (41... Qc7 42. Rc3 h4)
42. Bd3 $19 h4 43. Rb6+ Kg7 44. Rb4 h3 45. gxh3 Qd5 46. Nd4 f4 47. Kg1 f3 48.
Nxf3 Qxf3 49. Rb2 Qxh3 50. Rg2 Qd7 51. Bc2 Qd4 52. Kf1 Qf4+ 53. Ke2 g5 54. Bb3
g4 55. Be6 Qf3+ 0-1

[Event "Cappelle op 31st"]
[Site "Cappelle la Grande"]
[Date "2015.03.07"]
[Round "9"]
[White "Landa, Konstantin"]
[Black "Gao, Rui"]
[Result "1-0"]
[WhiteElo "2650"]
[BlackElo "2533"]
[Annotator "RR"]
[PlyCount "97"]
[EventDate "2015.02.28"]
[EventType "swiss"]
[EventRounds "9"]
[EventCountry "FRA"]
[SourceTitle "EXT 2016"]
[Source "ChessBase"]
[SourceDate "2015.10.08"]
[SourceVersion "1"]
[SourceVersionDate "2015.10.08"]
[SourceQuality "1"]

1. Nf3 {[%emt 0:10:07]} Nf6 {[%emt 0:00:00]} 2. c4 {[%emt 0:00:11]} g6 {
[%emt 0:00:41]} 3. Nc3 {[%emt 0:00:30]} d5 {[%emt 0:00:26]} 4. cxd5 {[%emt 0:
00:15]} Nxd5 {[%emt 0:00:03]} 5. Qb3 {[%emt 0:00:10]} (5. e4) (5. Qa4+ {
La grande ligne} Bd7 6. Qh4) 5... Nb6 {[%emt 0:00:14]} (5... Nxc3 6. Qxc3 $14 {
[%cal Gc3h8]}) 6. d4 {[%emt 0:00:07] Transposant d'une anglaise vers une
Gruenfeld mais en ayant évité l'échange Nc3} Bg7 {[%emt 0:00:38]} 7. Bf4 {
[%emt 0:01:04]} O-O {[%emt 0:10:55]} 8. e3 {[%emt 0:06:32]} Be6 {[%emt 0:01:15]
} 9. Qa3 $5 {[%emt 0:00:35]} Nc6 {[%emt 0:01:09]} 10. Be2 {[%emt 0:07:54]} (10.
Rd1 $5 {[%cal Gd1d8]}) 10... a5 {[%emt 0:01:29]} 11. O-O {[%emt 0:00:53]} Nb4 {
[%emt 0:02:22]} 12. Rfc1 {[%emt 0:00:51]} c6 {[%emt 0:01:39]} 13. Be5 {[%emt 0:
02:55]} (13. b3 N6d5 14. Nxd5 Bxd5 {1/2-1/2 (14) Laznicka,V (2670)-Vovk,Y 
(2588) Jerusalem 2015}) 13... Nc4 {[%emt 0:24:03]} (13... Bh6 14. Ne4 Nd7 15.
Nc5 Nxc5 16. Rxc5 {Kramnik,V (2800)-Nakamura,H (2758) Moscow Tal Memorial 6th
2011 (6) 1/2} (16. dxc5 Bd5)) 14. Bxc4 {[%emt 0:00:57]} Bxc4 {[%emt 0:00:05]}
15. Bxg7 {[%emt 0:07:37]} Kxg7 {[%emt 0:00:04]} 16. Qa4 {[%emt 0:00:13]} Bd3
$146 {[%emt 0:14:14]} (16... Be6 17. Ne4 Bd5 18. Ned2 f6 19. a3 Na6 20. Qc2 Nc7
21. e4 Bf7 22. d5 Rc8 23. dxc6 Nb5 24. Qa4 bxc6 25. Rd1 e5 26. Nc4 Qc7 27. Rac1
Bxc4 28. Qxc4 Rfd8 29. h3 Nd6 30. Qc2 Qb6 31. Rd3 Rb8 32. Rcd1 Nf7 33. Rxd8
Rxd8 34. Rxd8 Nxd8 35. Nd2 Ne6 36. Qb3 Qxb3 37. Nxb3 a4 38. Na5 Nc5 39. f3 Kf7
40. Kf1 Ke6 41. Ke2 Kd6 42. Nc4+ Kc7 43. Kd2 Ne6 44. Kc3 Nf4 45. Ne3 c5 46. b3
{Borovikov,V (2579)-Firat,B (2405) Cappelle la Grande 2012 1/2-1/2 (64)}) 17.
Qb3 {[%emt 0:09:17]} Bf5 {[%emt 0:00:38]} 18. a3 {[%emt 0:01:11]} Be6 {[%emt 0:
00:40]} 19. Qd1 {[%emt 0:00:43]} Nd5 {[%emt 0:00:20]} 20. Na4 {[%emt 0:00:38]}
(20. Ne4) 20... Bg4 {[%emt 0:00:31]} 21. h3 {[%emt 0:00:26]} Bxf3 {[%emt 0:00:
06]} 22. Qxf3 $14 {[%emt 0:00:01] La position Noire est assez passive et les
Blancs ont le centre ainsi qu'une petite avance de développement,} e6 $6 {
[%emt 0:03:25]} (22... h5 23. Nc5 Qc7 24. Qxd5 $1 cxd5 25. Ne6+) 23. Qg3 {
[%emt 0:02:58]} Qb8 {[%emt 0:05:07]} 24. Qxb8 {[%emt 0:02:56]} Rfxb8 {[%emt 0:
00:08] Malgré l'échange des Q, la finale reste un peu meilleure pour les
Blancs} 25. Rc2 {[%emt 0:02:55]} h5 {[%emt 0:00:44]} 26. h4 {[%emt 0:01:32]} (
26. Rac1 $143 h4 $132 {[%csl Rg2,Rh3]}) 26... Kf8 {[%emt 0:00:16]} 27. Kf1 {
[%emt 0:06:41]} Ke7 {[%emt 0:00:59]} 28. Ke2 {[%emt 0:00:09]} Nf6 {[%emt 0:04:
35]} 29. Rd1 {[%emt 0:05:58]} (29. f3) 29... Rg8 $6 {[%emt 0:07:23]} 30. Rd3 {
[%emt 0:07:28]} Nd7 {[%emt 0:06:15]} 31. Rb3 {[%emt 0:01:33]} Ra7 {[%emt 0:00:
10]} 32. g3 {[%emt 0:01:26]} Rd8 {[%emt 0:06:33]} 33. Rd3 {[%emt 0:05:07]} Nf6
{[%emt 0:01:49]} 34. f3 {[%emt 0:02:18]} Rg8 {[%emt 0:01:52]} 35. Kf2 {[%emt 0:
00:46]} Rd8 {[%emt 0:02:06]} 36. e4 {[%emt 0:04:08]} e5 {[%emt 0:01:11]} 37.
Ke3 {[%emt 0:00:55]} exd4+ {[%emt 0:00:57]} 38. Rxd4 {[%emt 0:00:00]} Rxd4 {
[%emt 0:00:35]} 39. Kxd4 {[%emt 0:00:00]} Nd7 {[%emt 0:00:13]} 40. Nc5 {
[%emt 0:00:00]} b6 {[%emt 0:00:00]} 41. Nd3 {[%emt 0:02:04]} Kd6 {[%emt 0:07:
49]} 42. e5+ {[%emt 0:04:39]} Kc7 {[%emt 0:00:42]} 43. g4 {[%emt 0:02:13]} f6
$2 {[%emt 0:06:52]} (43... Ra8 {[%cal Ga8d8]}) 44. exf6 {[%emt 0:07:49]} Nxf6 {
[%emt 0:02:02]} 45. g5 {[%emt 0:06:31]} Nd5 {[%emt 0:00:11]} 46. Ne5 {[%emt 0:
01:00]} Ne7 {[%emt 0:03:45]} 47. Nxc6 {[%emt 0:00:12]} Nf5+ {[%emt 0:02:56]}
48. Ke5 {[%emt 0:00:44]} Ra8 {[%emt 0:01:45]} 49. Ne7+ {[%emt 0:00:28]} 1-0

[Event "Bundesliga 1112"]
[Site "Germany"]
[Date "2011.11.19"]
[Round "4.5"]
[White "Gordon, Stephen J"]
[Black "Bok, Benjamin"]
[Result "1-0"]
[WhiteElo "2535"]
[BlackElo "2488"]
[Annotator "RR"]
[PlyCount "55"]
[EventDate "2011.10.14"]
[EventType "team-tourn"]
[EventRounds "15"]
[EventCountry "GER"]
[SourceTitle "CBM 146"]
[Source "ChessBase"]
[SourceDate "2012.01.18"]
[SourceVersion "1"]
[SourceVersionDate "2012.01.18"]
[SourceQuality "1"]
[WhiteTeam "Trier"]
[BlackTeam "Remagen"]
[WhiteTeamCountry "GER"]
[BlackTeamCountry "GER"]

1. Nf3 Nf6 2. c4 g6 3. Nc3 d5 4. cxd5 Nxd5 5. Qb3 Nb6 6. d4 Bg7 7. e4 Bg4 8.
Bb5+ c6 9. Ng5 O-O 10. Be2 Bxe2 11. Nxe2 N8d7 12. Qh3 h6 13. Nf3 h5 14. e5 c5
15. e6 cxd4 16. exf7+ Rxf7 17. Ng5 Rf5 18. g4 Rxg5 19. Bxg5 Ne5 20. Nf4 Nbc4
21. gxh5 Qa5+ 22. Kf1 Nd2+ 23. Kg2 Nf7 24. Bxe7 g5 25. Qg4 $1 (25. Ne6 $2)
25... Re8 $2 (25... gxf4 26. Bf6 Qd5+) 26. Rhe1 $1 $18 (26. Ng6 $2) 26... Rxe7
27. Rxe7 Nh6 28. Qe6+ 1-0

[Event "Budapest FS03 GM"]
[Site "Budapest"]
[Date "1993.??.??"]
[Round "11"]
[White "Horvath, Jozsef"]
[Black "Leko, Peter"]
[Result "1-0"]
[WhiteElo "2535"]
[BlackElo "2555"]
[Annotator "Ribli,Z"]
[PlyCount "91"]
[EventDate "1993.03.??"]
[EventType "tourn"]
[EventRounds "11"]
[EventCountry "HUN"]
[EventCategory "8"]
[SourceTitle "CBM 037"]
[Source "ChessBase"]
[SourceDate "1993.12.01"]
[SourceVersion "1"]
[SourceVersionDate "1993.12.01"]
[SourceQuality "1"]

1. Nf3 Nf6 2. c4 g6 3. Nc3 d5 4. cxd5 Nxd5 5. Qb3 Nb6 6. d4 Bg7 7. Bg5 O-O $6 (
7... Be6 $5 $13 {Gausel,E-Hellers,F/Skei/1993/CBM36/}) (7... h6 $5) 8. Rd1 Bg4
9. e3 $1 N8d7 10. Be2 c6 11. O-O Nf6 12. e4 $1 Be6 13. Qc2 Bc4 14. Bxc4 Nxc4
15. Na4 Nb6 16. Nc5 $14 Qc7 17. Rfe1 Rfe8 18. Qb3 Nfd7 19. Nd3 Rad8 (19... e5
20. Ndxe5 Nxe5 21. Nxe5 Bxe5 22. dxe5 Qxe5 23. f4 $16) 20. Bf4 Qc8 21. Rc1 Qa8
22. a4 $1 $16 Nf8 23. Bc7 Rxd4 (23... Rc8 24. Bxb6 axb6 25. Nde5 e6 26. Nc4 $18
) 24. Nxd4 Bxd4 25. Be5 Ne6 26. a5 Nd7 27. Bxd4 Nxd4 28. Qa4 Ne6 29. Qc4 a6 30.
b4 Qb8 31. Qc3 Qc7 32. Rcd1 Rc8 33. Rd2 h5 34. Red1 Nf6 35. f3 Nd7 36. Nb2 Ne5
37. Na4 g5 38. Nb6 Re8 39. Nd7 Ng6 40. Nc5 Nef8 41. Qe3 Nf4 42. e5 $1 Qc8 43.
h4 N8g6 44. e6 gxh4 45. Rd7 f6 46. R1d4 1-0

[Event "Hastings 9293"]
[Site "Hastings"]
[Date "1992.??.??"]
[Round "12"]
[White "Sadler, Matthew D"]
[Black "Gurevich, Ilya"]
[Result "1-0"]
[WhiteElo "2515"]
[BlackElo "2510"]
[Annotator "Ribli,Z"]
[PlyCount "59"]
[EventDate "1992.12.??"]
[EventType "tourn"]
[EventRounds "14"]
[EventCountry "ENG"]
[EventCategory "13"]
[SourceTitle "CBM 033"]
[Source "ChessBase"]
[SourceDate "1993.04.01"]
[SourceVersion "1"]
[SourceVersionDate "1993.04.01"]
[SourceQuality "1"]

1. Nf3 {Ftacnik} Nf6 2. c4 g6 3. Nc3 d5 4. cxd5 Nxd5 5. Qb3 Nb6 6. d4 Bg7 7.
Bg5 $5 h6 (7... Be6 8. Qc2 O-O 9. Rd1 c6 $14 {Savon,V-Lhagvasuren,C
Cheliabinsk 1991 CBM/25}) 8. Bh4 Be6 9. Qc2 Nc6 10. Rd1 Nb4 11. Qb1 O-O 12. e3
Bf5 13. e4 Bg4 14. d5 {-> D 90} f5 $2 (14... g5 $5 15. Bg3 f5 16. a3 f4 $1 17.
axb4 fxg3 18. hxg3 Rxf3 $1 19. gxf3 Bxf3 20. Rh2 Bxd1 21. Qxd1 a5 $13 {
Tisdall-Jansa Arhus 1983 35/570}) 15. a3 $1 fxe4 (15... Na6 {Ftacnik} 16. h3 $1
Bh5 (16... Bxf3 17. gxf3 g5 18. Bg3 f4 19. Bh2 $14) 17. exf5) 16. Qxe4 Bxf3 17.
gxf3 g5 18. axb4 gxh4 19. Rg1 $1 $16 Qd6 20. Bd3 $1 Rf7 21. Rg6 Rf6 (21... Qf4
22. Rxg7+ $1 Kxg7 23. Qh7+ Kf6 24. Qg6+ Ke5 25. Qe6+ $18) 22. Rg4 $1 Rf7 23.
Ke2 h5 24. Rg5 Qh6 25. Rg6 Qh8 26. Rdg1 Rd8 27. Qxh4 Kf8 28. Be4 Bxc3 29. bxc3
Rf6 30. Qxh5 $1 (30. Qxh5 $1 {Ftacnik} Qxh5 31. Rg8+ Kf7 32. R1g7#) 1-0

[Event "Cheliabinsk"]
[Site "Cheliabinsk"]
[Date "1991.??.??"]
[Round "?"]
[White "Savon, Vladimir A"]
[Black "Lhagvasuren, Cedendemberel"]
[Result "1-0"]
[WhiteElo "2465"]
[BlackElo "2350"]
[Annotator "Ribli,Z"]
[PlyCount "103"]
[EventDate "1991.??.??"]
[EventType "tourn"]
[EventRounds "11"]
[EventCountry "URS"]
[EventCategory "7"]
[SourceTitle "CBM 025"]
[Source "ChessBase"]
[SourceDate "1991.12.01"]
[SourceVersion "1"]
[SourceVersionDate "1991.12.01"]
[SourceQuality "1"]

1. c4 Nf6 2. Nf3 g6 3. Nc3 d5 4. cxd5 Nxd5 5. Qa4+ Bd7 6. Qb3 Nb6 7. d4 (7. g3
Bg7 8. d3 Nc6 9. Bg2 O-O 10. O-O e5 11. Be3 Nd4 12. Bxd4 exd4 13. Ne4 Re8 14.
Qc2 $13 {Gross,S-Stohl,I Rimavska Sobota 1990 EXP/20}) 7... Bg7 (7... Be6 8.
Qd1 (8. Qc2 $1) 8... Bg7 9. Bf4 O-O 10. e3 c5 11. Be2 cxd4 12. Nxd4 Bd5 13. Nf3
Bc4 $10 {Gausel,E-Bjerring,K Gausdal Troll Masters 1990 EXP/16}) 8. Bg5 Be6 9.
Qc2 $1 O-O 10. Rd1 c6 11. e4 Bg4 12. Qd2 Qc7 13. Be2 Re8 14. O-O N8d7 15. h3
Bxf3 16. Bxf3 Nf8 (16... e5 17. d5 cxd5 18. Nxd5 Nxd5 19. Qxd5 $14) 17. b3 Rad8
18. Ne2 Rd7 19. Qa5 Nc8 20. Qc3 Ne6 21. Be3 c5 22. Bg4 Nxd4 23. Nxd4 cxd4 24.
Qxc7 Rxc7 25. Bxd4 Bxd4 26. Rxd4 h5 27. Bf3 e5 28. Rd2 Ne7 29. Be2 Rec8 30. Bc4
Nc6 31. Rfd1 Kg7 32. Rd5 Re7 33. Rd6 Rcc7 34. a4 b6 35. g3 Na5 36. Bd5 Nb7 37.
Rc6 Rxc6 38. Bxc6 Nc5 39. b4 Ne6 40. Bd5 Kf6 41. Rc1 Nd4 42. Kg2 Rd7 43. Rc8
Ke7 44. f4 exf4 45. gxf4 Ne6 46. Kf3 Rd8 47. Bxe6 fxe6 48. Rxd8 Kxd8 49. Kg3 b5
50. axb5 Kc7 51. Kh4 Kb6 52. Kg5 1-0

[Event "Volgograd"]
[Site "Volgograd"]
[Date "1994.??.??"]
[Round "3"]
[White "Poluljahov, Aleksandr"]
[Black "Yandemirov, Valeri"]
[Result "1-0"]
[WhiteElo "2510"]
[BlackElo "2510"]
[Annotator "Ribli,Z"]
[PlyCount "43"]
[EventDate "1994.??.??"]
[EventType "tourn"]
[EventRounds "13"]
[EventCountry "NED"]
[EventCategory "8"]
[SourceTitle "CBM 041"]
[Source "ChessBase"]
[SourceDate "1994.08.01"]
[SourceVersion "1"]
[SourceVersionDate "1994.08.01"]
[SourceQuality "1"]

1. Nf3 Nf6 2. c4 g6 3. Nc3 d5 4. cxd5 Nxd5 5. Qb3 Nb6 6. d4 {-> D90} Bg7 (6...
Be6 $5) 7. Bf4 O-O (7... Bg4 $6 8. Ng5 O-O 9. h3 $14 {Speelman,J-Gurevich,I/
Hastings/1992/INF56,553/}) 8. Rd1 Nc6 (8... a5 $5 $13 {Tregubov,P-Shmuter,L/
Sochi/1993/CBM38/}) 9. d5 Na5 10. Qb4 (10. Qc2) 10... Nac4 11. e4 Nxb2 (11...
a5 12. Qb3 $1 (12. Qc5 $2 Nxb2 13. Bxc7 Bxc3+ 14. Qxc3 Nxd1 15. Kxd1 Na4 (15...
Nxd5 $5 $17) 16. Qc2 Qe8 $17) 12... a4 13. Qb4 $14) 12. Rd2 $5 (12. Qxb2 Na4
13. Nxa4 Bxb2 14. Nxb2 c6 15. Bc4 $14) 12... Bxc3 13. Qxc3 N2a4 14. Qa3 $1 $44
(14. Qxc7 Qxc7 15. Bxc7 Bd7 $10) 14... Bd7 15. Be2 a6 16. O-O Bb5 17. Rc1 Rc8
18. Bd1 $1 Qd7 19. Nd4 (19. Ne5 Qd6 20. Qg3 $44) 19... Rfd8 20. Ne6 $1 Re8 (
20... fxe6 21. Bg4 Qe8 22. Bxe6+ Kg7 23. Be5+ $18) 21. Qh3 c6 (21... fxe6 22.
dxe6 $18) 22. Qh6 (22. Qh6 fxe6 23. Be5 $18) 1-0

[Event "GBR-ch KO"]
[Site "London"]
[Date "2015.12.08"]
[Round "3.5"]
[White "Pert, Nicholas"]
[Black "Howell, David"]
[Result "1/2-1/2"]
[WhiteElo "2569"]
[BlackElo "2693"]
[Annotator "Sagar Shah/CB Website"]
[PlyCount "53"]
[EventDate "2015.12.01"]
[EventType "k.o."]
[EventRounds "3"]
[EventCountry "ENG"]
[SourceTitle "CBM 170"]
[Source "ChessBase"]
[SourceDate "2016.01.15"]
[SourceVersion "1"]
[SourceVersionDate "2016.01.15"]
[SourceQuality "1"]

1. d4 Nf6 2. Nf3 g6 3. c4 Bg7 4. Nc3 d5 5. h4 $5 {Pert tries to play an
aggressive system in this almost must-win situation.} c6 {David is as solid as
can be.} 6. cxd5 cxd5 7. Bf4 Nc6 8. e3 O-O 9. Ne5 Nxe5 10. Bxe5 Ne4 11. Bxg7
Nxc3 12. bxc3 Kxg7 13. Bd3 (13. h5 $1 {What I do not understand is why Nick
didn't push his h-pawn. The h-file will be opened and White could get decent
attcking chances.}) 13... h5 {Now the h-file cannot be opened and the position
is just equal.} 14. Qb3 Qd6 15. O-O Rb8 16. Rfc1 Bd7 17. Qb4 Qxb4 {Howell
thought for a long time before making this exchange of queens.} 18. cxb4 Rfc8
19. Rc5 Rxc5 (19... b6 20. Rxd5 Rc7 $44) 20. bxc5 b5 21. a3 Bc6 22. Kf1 f5 23.
Ke2 Kf6 24. Kd2 a5 25. Kc3 e5 26. f4 e4 27. Be2 {The draw was agreed as there
was no real way to open up the position.} 1/2-1/2

[Event "Wichern op 5th"]
[Site "Hamburg"]
[Date "1999.10.20"]
[Round "7.2"]
[White "Novikov, Igor A"]
[Black "Holzke, Frank"]
[Result "1/2-1/2"]
[WhiteElo "2614"]
[BlackElo "2448"]
[Annotator "Sander,R"]
[PlyCount "48"]
[EventDate "1999.10.15"]
[EventType "swiss"]
[EventRounds "9"]
[EventCountry "GER"]
[SourceTitle "EXT 2001"]
[Source "ChessBase"]
[SourceDate "2000.11.22"]
[SourceVersion "1"]
[SourceVersionDate "2000.11.22"]
[SourceQuality "1"]

1. d4 Nf6 2. c4 g6 3. Nc3 d5 4. cxd5 Nxd5 5. Bd2 Bg7 6. e4 Nb6 7. Be3 O-O 8.
Be2 Nc6 9. Nf3 Bg4 10. d5 Bxf3 11. Bxf3 Ne5 12. Be2 Nec4 13. Bc1 c6 14. dxc6
bxc6 15. Qc2 Qd4 16. O-O Rfd8 17. a4 Qc5 18. Nb1 (18. b3 Nd6 $17 19. Be3 $2
Qxc3) 18... Qb4 19. Ra2 Na5 20. Nd2 Rd7 21. Nf3 Rad8 22. h3 Nbc4 23. Bxc4 Nxc4
24. b3 Ne5 1/2-1/2